000 01898cam a22004214i 4500
003 PE-LiUPU
005 20250731173121.0
008 150623s r 000 0 d
035 _a(Sirsi) a25530
040 _aPE-LiUPU
_bspa
_cPE-LiUPU
_erda
082 0 4 _a220.6
_bD93
_221
100 1 _aDos Reis, Emilson,
_eautor.
245 1 0 _aIntroducao geral á Bíblia :
_bcomo a Bíblia foi escrita e chegou até nós /
_cEmilson Dos Reis.
264 1 _aSao Paulo :
_bImprenta Universitária Adventista,
_c2002.
300 _a181 páginas :
_bilustraciones, gráficos ;
_c23 cm.
336 _atext
_2rdacontent
337 _aunmediated
_2rdamedia
338 _avolume
_2rdacarrier
504 _aIncluye bibliografía.
505 0 _aRevelacao - O que é?. -Revelacao geral. -Revelacao especial. -Inspiracao. -A origem da escrita. -Os escritos antigos. -As linguas originais da Biblia. -A transmissao do texto bíblico. -A formacao do cánon. -Os livros apócrifos. -Os livros pseudepígrafos. -O Talmute. -A divisao da Biblia em capítulos e versículos. -A traducao da Biblia. -Adivulgacao da Biblia. -Regras para a correta interpretacao da Biblia. -Livros da Biblia. -A geografía do mundo bíblico. -Métodos da estudo da Biblia.
526 _aSEG42
526 _aSEG41
526 _aSEG40
526 _aSEG39
526 _aP94
526 _aP87
526 _aP86
526 _aP85
526 _aP77
526 _aP76
526 _aP35
630 _aBiblia
_xIntroducciones.
_92045
942 _2ddc
_cBOOK
949 _a220.6 D93
_wDEWEY
_c1
_i49631
_lCCODEBUL1
_mBUL
_p00.00
_r0
_sY
_tBOOK
_u2015-06-24
_xTEOLOGIA
_PP35
_0COMPRA
_o.STAFF. Colección General
596 _a1
999 _a220.6 D93
_wDEWEY
_c32462
_i49631
_f2021-11-9
_g5
_lCCODEBUL1
_mBUL
_r0
_sY
_tBOOK
_u2015-6-24
_xTEOLOGIA
_PP35
_0COMPRA
_o.STAFF. Colección General
_d32462
980 _81
_gALBERTO SANCHEZ Responsable de Automatización